000 00577nam a2200217Ia 4500
005 20250508163537.0
008 008 250505s9999 xx 000 0 hin d
020 _a81-86544-00-3
037 _aTextual
040 _aFEDL
_beng
_cFEDL
041 _ahin
_2eng
084 _a111.85, GUP
_qFEDL
100 _aGupta Shyamla
_9775600
245 0 _aSoundrya tattvameemansa
260 _aDelhi, India
_bSeema Sahitya Bhawan
_c1966
300 _a238p
365 _aINR
_b375
650 _aPhilosophy
942 _cTEXL
_h111.85, GUP
999 _c1383984
_d1383984